000 00541nam a2200205 i 4500
001 bg
100 1 _aKALISZ, Józef.
245 1 0 _aZbiór zadań z fizyki z rozwiązaniami /
_cJózef Kalisz, M. Massalska, J.M. Massalski.
250 _aWyd.7 popr.
260 _aWarszawa,
_c1971.
650 9 _aFizyka
655 _aĆwiczenia i zadania
700 1 _aMASSALSKA, Michalina.
700 1 _aMASSALSKI, Jerzy Michał.
040 _cBPK
041 _apol
080 _a53(076)
942 _cKS
008 s pl f |000 0 pol
999 _c7626
_d7626
856 _uhttp://koha.tu.koszalin.pl/cgi-bin/koha/opac-detail.pl?biblionumber=7626
_yKatalog online BPK